[Event "EU-ch 1st"]
[Site "Saint Vincent"]
[Date "2000.07.12"]
[Round "9"]
[White "Lutz, Christopher"]
[Black "Smirin, Ilia"]
[Result "1-0"]
[WhiteElo "2587"]
[BlackElo "2666"]
[Annotator "Stohl,I"]
[PlyCount "71"]
[EventDate "2000.07.03"]
[EventType "swiss"]
[EventRounds "11"]
[EventCountry "ITA"]
[SourceTitle "CBM 078"]
[Source "ChessBase"]
[SourceDate "2000.10.18"]
[SourceVersion "1"]
[SourceVersionDate "2000.10.18"]
[SourceQuality "1"]

1. e4 c5 2. Nf3 Nc6 3. d4 cxd4 4. Nxd4 Qb6 $6 {This sortie has become
increasingly popular in various Sicilian lines. A possible example is the
Sozin with} (4... Nf6 5. Nc3 d6 6. Bc4 Qb6 7. Nb3 {when often the same
position as in the game arises after White moves his B back to d3, but with an
extra tempo for Black. This means quite a lot in sharp Sicilians, so the whole
variation in this form is suspect.}) 5. Nb3 (5. Nb5 Nf6 6. Be3 Qd8 7. N1c3 a6
8. Nd4 e5 $1 9. Nf5 d5 10. Nxd5 Nxd5 11. exd5 Nb4 12. g4 g6 13. a3 Nxd5 14. Bg2
Be6 15. c4 Nf4 16. Bxf4 exf4 17. Nd4 Qa5+ 18. Kf1 Rd8 19. Bxb7 Bg7 20. Bd5 Bxd5
21. cxd5 Qxd5 22. Qe2+ Kf8 23. Nf3 h5 $15 {Yemelin,V-Avrukh,B/Beersheba/1998/})
5... Nf6 6. Nc3 e6 7. Bd3 {Simple development is the most popular and causes
Black the most problems as well.} (7. Qe2 Bb4 $5 (7... d6 8. g4 a6 9. g5 Nd7
10. h4 $14 {~~<=>}) 8. Bd2 O-O 9. a3 Be7 10. e5 Ne8 $1 11. O-O-O Qc7 12. f4 a6
13. Ne4 d6 14. exd6 Nxd6 15. g3 b5 16. Bg2 Nxe4 17. Bxe4 Bb7 18. Bc3 $11 {
1/2,Spasov,V-Kurajica,B/Moscow olm/1994/}) 7... Be7 8. O-O O-O 9. Be3 Qc7 10.
f4 d6 11. Qf3 {Again a natural attacking move.} ({Black doesn't have to fear
the Hedgehog structures after} 11. Nb5 Qb8 12. c4 b6 $13) ({But if White wants
to unleash a pawn storm, then it's better to play immediately} 11. g4 $5 Re8
12. g5 Nd7 13. Qh5 $36 {~~ as now he can go to h5 in one move.}) 11... a6 12.
Rae1 (12. a4 b6 13. Rae1 Bb7 {[%cal Yc6b4] /\Nb4<=>} 14. Qh3 Nb4 15. e5 $6 Nxd3
$1 (15... dxe5 16. fxe5 Qxe5 17. Bxb6 $13 {+/=}) 16. exf6 Nxe1 17. fxe7 Bxg2
18. exf8=Q+ Rxf8 $17) 12... b5 13. e5 $1 (13. g4 Re8 $1 (13... Bb7 14. g5 Nd7
15. Qh5 Nb4 $6 (15... Rfe8 $142 $14) 16. Rf3 Nxd3 17. cxd3 Rfe8 18. Bd4 $1 $40
{/\} g6 $4 19. Qxh7+ $18) 14. g5 (14. e5 $6 dxe5 15. g5 Nd5 16. Bxh7+ Kxh7 17.
Qh5+ Kg8 18. Rf3 g6 19. Qh4 {Liss,E-Smirin,I/Tel Aviv/1999/} exf4 $5 20. Rh3
Qe5 21. Bd4 Qxe1+ 22. Qxe1 e5 $17 {/-+}) 14... Nd7 15. Qh5 g6 16. Qh4 Bf8 $132
{gives Black reasonable defensive chances-the consequence of White spending a
tempo on Qf3-h5.}) ({White has to decide how he will proceed, and postponing
action with moves as} 13. a3) (13. Kh1) ({or} 13. Qh3 {only helps Black to
consolidate. Lutz's move is the strongest and most consistent continuation})
13... dxe5 (13... Nd7 14. exd6 Qxd6 (14... Bxd6 $2 15. Bxb5 $1 Bb7 (15... axb5
16. Nxb5 Qb8 17. Qxc6 Ra6 18. Qc4 $16) 16. Bd3 $16 {loses a pawn without much
compensation.}) 15. Be4 $142 (15. Na5 $6 Nxa5 16. Qxa8 Bb7 17. Qa7 b4 18. Rd1
$1 {[]} (18. Ne4 $2 Qc6 19. Re2 f5 20. Ng5 Ra8 21. Qd4 Bc5 $19) 18... Qc7 19.
Bxa6 Ra8 20. Nb5 Qxc2 {Nadanian-Palevic/cr/1992/} 21. Bxb7 Rxa7 22. Bxa7 Nxb7
23. Rxd7 Bc5+ 24. Kh1 (24. Bxc5 $2 Qxc5+ 25. Nd4 Qc8 26. Re7 Kf8 $19) 24... Qe2
25. Rfd1 h5 $36) (15. Ne4 Qc7 16. Qh5 f5 $11) 15... Bb7 16. f5 $1 $36 {e.g.} b4
17. Rd1 Qc7 18. Qh3 $1 Nf6 19. fxe6 $16 {->}) (13... Ne8 {is passive, the N
has little perspective here.}) 14. fxe5 Nd7 ({Too optimistic is} 14... Nxe5 $2
15. Qxa8 Neg4 16. g3 Bb7 17. Qa7 Qc6 18. Be4 $1 Nxe4 19. Na5 Qc5 20. Bxc5 Bxc5+
21. Qxc5 Nxc5 22. b4 {1-0,Luecke,N-Grivas,E/Dortmund/1992/}) 15. Bf4 $146 {
[%mdl 8] A strong and natural novelty, previously mentioned only in
annotations.} (15. Qh3 $143 $6 g6 16. Bh6 Rd8 17. Be4 $142 {and if Black takes
the P, White scrapes a draw by repetition with} (17. Qf3 $6 Ndxe5 18. Rxe5 Nxe5
19. Qxa8 Ng4 $19) (17. Rxf7 $2 Kxf7 18. Rf1+ Ke8 19. Qxe6 Nf6 $1 20. Qxf6 Bxf6
21. exf6 Kf7 22. Ne4 Rd5 23. c4 Rf5 24. Re1 Ne5 25. c5 Nxd3 26. Nd6+ Qxd6 {
0-1,Zakic,S-Luecke,N/Miskolc/1990/}) 17... Ndxe5 18. Bf4 Qb6+ 19. Be3 $11)
15... b4 $5 (15... Bb7 16. Qg3 {is not ideal:} {Black does better to play} g6 {
immediately as in the game.} ({risky is e.g.} 16... Rfc8 $6 17. Nd5 $1 exd5 18.
e6 Qd8 (18... Qb6+ 19. Be3 d4 20. Rxf7 Bf6 21. Rxg7+ Bxg7 22. Bh6 $18) 19.
Bxh7+ $1 Kxh7 20. Qh3+ Kg8 (20... Bh4 $2 21. exd7 $18) 21. exf7+ Kxf7 22. Bc7+
$16 {-> White gets back all the sacrificed material with a continuing attack.})
) 16. Nd1 ({White would certainly prefer to centralize his N, but} 16. Ne4 $6
Ndxe5 {leads nowhere:} 17. Qh3 (17. Bxe5 $2 Nxe5 (17... Qxe5 $2 18. Nf6+ Qxf6
19. Qxc6 $18) 18. Nf6+ Bxf6 19. Qxa8 Qb6+ 20. Kh1 Nxd3 (20... Bb7 $2 21. Bxh7+
$18) 21. cxd3 Bb7 $19) (17. Qg3 f6 $15) 17... f5 18. Nec5 Bxc5+ 19. Nxc5 Qe7
$15 {with advantageous simplification.}) (16. Nd5 $2 exd5 17. e6 Nde5 18. Bxh7+
Kxh7 19. Qh5+ Kg8 20. exf7+ Rxf7 21. Qxf7+ Nxf7 22. Bxc7 Bd7 $15) 16... Bb7 17.
Qg3 g6 {This probably wasn't necessary yet.} (17... Rfd8 $142 $5 18. Ne3 $142
$1 (18. Bh6 $6 g6 $1 {[]} (18... Bf8 $2 19. Bxh7+ $1 Kxh7 20. Rxf7 $40 Kxh6 21.
Qh3+ Kg6 22. Qxe6+ Kh7 23. Re4 Be7 24. Rxg7+ $1 Kxg7 25. Rg4+ $18) 19. Nf2 (19.
Rxf7 Kxf7 20. Rf1+ (20. Bxg6+ hxg6 21. Rf1+ Bf6 $19) 20... Kg8 21. Bxg6 Qxe5
22. Qg4 Kh8 $19) 19... Ncxe5 (19... Ndxe5 $6 20. Bf4 {is dangerous, as after}
Bd6 {White has} 21. Ne4 $40) 20. Ng4 Bd6 $15) (18. Nf2 Nf8 19. Ne4 Ng6 20. Ng5
Bxg5 21. Bxg5 Rd5 22. Be4 Rb5 $1 (22... Rxe5 $6 23. Bxg6 hxg6 24. Nc5 $1 $16)
23. Bxg6 fxg6 $5 $13 (23... hxg6 $11 {is also possible, White won't get to the
h-file so easily.})) 18... Nf8 19. Nc4 $14 Nd4 20. Nd6 Nxb3 21. cxb3 $5 {
[%cal Ye1c1,Gc1c8] <->c}) (17... Rfc8 18. Ne3 $36 {[%cal Re3d5,Re3f5,Ye3c4,
Yc4d6] /\Nf5,Nd5,Nc4-d6 This is not yet the time for play on the c-file.}) 18.
Nf2 $1 Qd8 19. Qh3 $2 {This is too soft and slows down the attack considerably.
} (19. Bh6 Re8 (19... Ndxe5 20. Rxe5 Bd6 21. Bf4 $16) (19... Bh4 $2 20. Qf4 $16
) 20. Ng4 $40) (19. Ng4 {/\} Bh4 20. Nf6+ Qxf6 21. exf6 Bxg3 22. Bxg3 $16 {
[%csl Ra5,Rb4,Rb6,Rc5,Gd3,Gg3,Rg7,Rh6][%cal Gh2b8] /+/=,^^,ע,<<}) 19... h5 $1
{[]} 20. Re3 (20. g4 Bg5 $132) (20. Bh6 $5 Ndxe5 $5 (20... Re8 21. Qg3 $14 {|^}
) 21. Bxf8 Qxf8 22. Be4 $14) 20... Kg7 21. Be4 Rh8 $5 ({Interesting is also
the more active} 21... Nc5 22. Nxc5 Bxc5 23. Rd3 (23. Rg3 Nd4 $142 $1 (23...
Qd4 24. Qxh5 $1 Qxe4 25. Qh6+ Kg8 26. Be3 $1 (26. Rh3 $2 Qxg2+ $1 27. Kxg2 Nd4+
28. Ne4 Bxe4+ 29. Rff3 Bxf3+ 30. Kf1 Be2+ 31. Kg2 $11 (31. Ke1 Nf3+ 32. Kxe2
Ng1+ $17)) 26... Qxe5 27. Ng4 $18) 24. Bd3 (24. Qxh5 Bxe4 25. Qh6+ Kg8 26. Rh3
Ne2+ 27. Kh1 Bxg2+ 28. Kxg2 Qd5+ $36) 24... Rh8 25. Bg5 Be7 26. Qh4 Nf5 $1 27.
Bxf5 Bxg5 28. Rxg5 exf5 $15) 23... Qc7 (23... Qe7 $143 24. Rg3 $1 Nd4 25. Bd3
$40) 24. Rfd1 Rad8 $13 {/\} 25. Bg5 Bxf2+ 26. Kxf2 Nxe5 $1 27. Bxd8 Qc5+ $1 28.
Re3 Ng4+ $36) 22. Nd3 Qb6 23. Kh1 Nd8 $1 {[%csl Rf7][%cal Ya8c8,Gc8c2] Black
protects the vulnerable ><f7 and prepares play down the c-file.} 24. Nd2 Rc8
25. Bxb7 Qxb7 26. Ne4 {White consistently concentrates his forces around
Black's K, abadoning his <<.} Rxc2 27. Bg5 Bxg5 28. Nxg5 Nc5 (28... Nb6 $5 29.
Ref3 (29. Nf4 Nc4 $17) 29... Nd5 {keeps White's N away from f4, but after} 30.
Ne4 {White retains his pressure.} (30. Nxf7 $2 Nxf7 31. Rxf7+ Qxf7 32. Rxf7+
Kxf7 33. Qf3+ Kg7 $17 {White doesn't have enough forces for a successful
attack.})) 29. Nf4 Rxb2 30. Qh4 $1 $40 b3 $5 {White's << falls to pieces, but
his attack is getting very strong, with sacrifices on g6 and f7 in the air.} (
30... Kg8 {is a possible alternative:} {More interesting, but insufficient to
win is the violent} 31. Nxf7 $5 (31. Ref3 Qe7 {[%cal Rc5e4] /\Ne4} 32. Nxg6 (
32. Qg3 h4 33. Qg4 Kg7 34. Rh3 Rxa2 35. Rxh4 Ne4 36. Rxh8 Nf2+ $1 $19) 32...
fxg6 33. Rf6 Kg7 (33... Rh6 $2 34. Qd4 $18 {[%csl Rh6] /\Qb2, Rf8,צh6}) 34.
Nf7 Nxf7 35. Rxg6+ (35. Rxf7+ Qxf7 36. Rxf7+ Kxf7 37. Qf6+ Ke8 $1 38. Qxh8+ Kd7
$17 {[%csl Gb4] o^b}) 35... Kf8 36. Rxf7+ Qxf7 (36... Kxf7 37. Rg7+ Kxg7 38.
Qxe7+ $11) 37. Qd8+ Qe8 38. Qf6+ Qf7 $11) 31... Nxf7 (31... Qxf7 $2 32. Rg3 $1
Rh6 33. Qxd8+ Kh7 34. Rgf3 $18) 32. Qf6 $5 (32. Rg3 g5 33. Rxg5+ Nxg5 34. Qxg5+
Qg7 35. Ng6 Rh6 36. Qd8+ Kh7 37. Nf8+ Kh8 $11) 32... g5 (32... Rh6 33. Rg3 Nh8
34. Nxe6 $5 (34. Nxg6 $11) 34... Nxe6 35. Qxe6+ Kg7 36. Rgf3 $44 {/\Qe8,פh8
Black's extra piece is very passive, White can play on and he always has a
draw in his hands.}) 33. Rg3 Rh6 $142 $1 (33... h4 34. Nh5 $1 Rxh5 35. Qg6+ Kf8
36. Rgf3 Qxf3 37. Rxf3 $18 {and b1 is protected!}) (33... Ne4 34. Qg6+ Kf8 35.
Nxe6+ Ke8 36. Rgf3 g4 37. Qxf7+ (37. Rxf7 $4 $19 Ng3+ $1) 37... Qxf7 38. Rxf7
$40 {[%csl Ge5] /\Ng7,o^e}) 34. Ng6 Rb1 $1 35. Rxb1 Ne4 $1 {[]} (35... Qe4 $2
36. Rf1 Qxg6 37. Qe7 Ne4 38. Rgf3 $18) 36. Ne7+ (36. Qxe6 Kg7 $15) 36... Kf8
37. Ng6+ $11) (30... Rxa2 {is too slow:} 31. Nxf7 Qxf7 32. Rg3 $40 Nd7 33.
Rxg6+ Qxg6 34. Qe7+ $1 Qf7 35. Nxe6+ $18) 31. Nxf7 $1 {[%mdl 512] This
consistent move is the most testing continuation.} (31. axb3 $143 Rxb3 {
and White must try to bail out with} 32. Ngh3 Nd7 $5 (32... Rxe3 $2 33. Qf6+
Kh7 34. Ng5+ Kh6 35. Qxh8+ Kxg5 36. Qxd8+ $18) (32... Kh7 33. Rxb3 Qxb3 34.
Nxh5 $1 $40 {/\} gxh5 $2 35. Qxh5+ Kg7 36. Qg5+ Kh7 37. Qh4+ Kg7 38. Qf6+ $18)
33. Nxg6 $1 Qb5 (33... Rxe3 $2 34. Nxh8 $16) (33... fxg6 34. Rxb3 Qxb3 35. Qe7+
$11) 34. Nxh8 $1 (34. Ree1 $2 Rxh3 $1 $17) 34... Qxf1+ 35. Ng1 Rxe3 36. Qg5+
$11) 31... Qxf7 (31... Kxf7 $2 32. Qf6+ Kg8 33. Rg3 $18) (31... Nxf7 $2 32.
Qf6+ Kg8 (32... Kf8 33. Nxe6+ Nxe6 (33... Ke8 34. Nc7+ Qxc7 35. e6 $1 $18) 34.
Qxh8+ Ke7 35. Qf6+ Kf8 36. Ref3 Neg5 37. e6 (37. Qxg5 $2 Qxf3 $1) 37... Nxf3
38. Qxb2 $18) 33. Qxg6+ Kf8 34. Ref3 Ke8 (34... bxa2 35. Nd5 $18) 35. Nxe6 Nxe6
36. Qxe6+ Qe7 37. Qc6+ $1 Qd7 38. Qg6 $18 {[%cal Rf3f7,Re5e6] /\Rf7,e6}) 32.
Rg3 Rh6 $2 {[%mdl 8192] The critical moment. Black still had a tough draw
after the principled} (32... bxa2 $1 33. Rxg6+ Qxg6 34. Nxg6 (34. Qe7+ $2 Qf7
35. Nxe6+ Ncxe6 $1 {and compared with the line above f7 is protected.}) 34...
Rb1 35. Qf6+ Kh7 36. Nxh8 (36. Qxh8+ Kxg6 $11 {[%csl Ra2] o^a2}) 36... Ne4 $1
37. Qf3 (37. Qg6+ Kxh8 $11) (37. Qf4 $2 Nd2 $1 $19) 37... Kxh8 $11 {and White
must give a perpetual.} (37... a1=Q $2 38. Qxe4+ Kxh8 39. Rxb1 $18)) 33. Qxd8
Kh7 $6 (33... Qxf4 34. Rgf3 Qxf3 35. gxf3 bxa2 36. Qe7+ Kg8 37. Qxc5 Rb1 38.
Qc8+ Kf7 39. Qd7+ Kg8 40. Qd3 $1 a1=Q 41. Rxb1 {wins the Q after} Qxe5 42. Qd8+
Kh7 43. Rb7+ $18) ({Again the very last chance was} 33... bxa2 34. Rgf3 $1 (34.
Nxh5+ Rxh5 35. Rxf7+ Kxf7 36. Rf3+ Rf5 $11) 34... Rb7 $1 {[]} 35. Nxe6+ (35.
Nd3 Qxf3 36. gxf3 Rb1 37. Nxc5 Rxf1+ 38. Kg2 g5 $3 (38... a1=Q $2 39. Nxe6+ Kf7
40. Qd7+ $18) 39. Qe7+ Kh8 40. Nxe6 Rxe6 $11) (35. Qd6 g5 36. Nd5 exd5 $1 (
36... Qxf3 37. gxf3 Rb1 38. Qe7+ Kg6 39. Qf6+ Kh7 40. Qf7+ Kh8 41. Nf6 $18) 37.
Rxf7+ Rxf7 $14 {is similar to the main line.}) 35... Qxe6 36. Qf8+ Kh7 37. Rf7+
Rxf7 38. Rxf7+ Qxf7 39. Qxf7+ Kh8 40. Qxa2 g5 $14 {/+/- and White must still
break Black's fortress.}) 34. Rgf3 Qd7 (34... bxa2 35. Nxe6 Qxf3 36. Qe7+ Kg8
37. Qg7#) (34... Qg7 35. Nh3 $18) 35. Qf8 Ne4 36. Nh3 $1 {[%cal Gf1f8] -><->f}
1-0

[Event "Haifa"]
[Site "Haifa"]
[Date "1995.??.??"]
[Round "5"]
[White "Gruenfeld, Yehuda"]
[Black "Svidler, Peter"]
[Result "1/2-1/2"]
[WhiteElo "2505"]
[BlackElo "2585"]
[Annotator "Svidler,P"]
[PlyCount "34"]
[EventDate "1995.01.??"]
[EventType "tourn"]
[EventRounds "11"]
[EventCountry "ISR"]
[EventCategory "14"]
[SourceTitle "CBM 046"]
[Source "ChessBase"]
[SourceDate "1995.06.01"]
[SourceVersion "1"]
[SourceVersionDate "1995.06.01"]
[SourceQuality "1"]

1. e4 c5 2. Nf3 e6 3. d4 cxd4 4. Nxd4 Qb6 $5 5. Nc3 (5. Nb5 Bc5 6. Qf3 a6 7.
N5c3 Nc6 8. Qg3 Nge7 9. Bd3 O-O 10. O-O Qd8 11. Nd2 Ng6 12. Nb3 Be7 {Dutreeuw,
M-Christiansen,L/Antwerpen/1993/0:1/34/}) (5. Nb3 $5) 5... Nc6 (5... Bc5 $5 6.
Be3 Nc6 $132) 6. Nb3 (6. Ndb5 Bc5 $132) 6... Nf6 7. Bd3 Bb4 $5 (7... Be7 8. f4
d6 9. Qf3 a6 10. Be3 Qc7 11. O-O-O b5 12. g4 Bb7 13. g5 Nd7 14. Qh3 Nb4 15. Kb1
$132 {Petrov,M-Todorov,I/Sofia/BUL-ch/1994/1:0/38/}) 8. O-O O-O 9. Be3 (9. Bg5
Bxc3 10. bxc3 Ne8 $8 11. Qh5 e5 (11... f6 $5 12. e5 f5 (12... g6 13. Bxg6 $1
$18) 13. Be3 Qc7 14. f4 $13) 12. Bc4 d6 13. Rad1 Qc7 14. f4 Be6 15. Bd5 Bxd5
16. exd5 Nd8 17. f5 f6 $132 {Gurevich,I-Yermolinsky,A/New York op/1993/1:0/75/}
) 9... Qd8 10. f4 (10. Bg5 $6 h6 11. Bh4 Be7 $1 $13 {/\ 12...Nxe4!}) 10... Bxc3
11. bxc3 e5 $1 12. c4 (12. f5 $2 d5 $17) (12. fxe5 Nxe5 13. Bg5 Qb6+ 14. Kh1
Nfg4 $1 (14... Ne8 15. Be7 $16) 15. Qe2 Qg6 16. Bf4 d6 $15) 12... exf4 13. Bxf4
d6 14. Kh1 (14. Bg5 Qb6+ 15. c5 dxc5 16. Bxf6 (16. Be3 Nd7 $17) 16... c4+ 17.
Kh1 cxd3 $17) 14... Ng4 $1 15. Be2 Nge5 16. Nd4 Qe7 17. Rb1 (17. Nf5 Bxf5 18.
exf5 f6 $132 (18... Rac8 19. Bxe5 Qxe5 20. f6 g6 21. Qd2 $40)) 17... Nxd4 (
17... Rd8 18. Rb3 (18. Nf5 Bxf5 19. exf5 f6 20. Qd5+ Kh8 21. Rb3 $36) 18...
Nxd4 19. Qxd4 b6 20. Rg3 f6 (20... Kh8 $2 21. Bxe5 dxe5 22. Rxf7 $1 $18) 21.
Bh6 Ng6 22. h4 $5 {Gruenfeld/} gxh6 23. h5 Kg7 (23... Qe5 24. Qxe5 fxe5 25.
hxg6 $40) 24. hxg6 hxg6 25. Bh5 g5 26. e5 $1 Qxe5 (26... dxe5 27. Qe4 $1) 27.
Qd3 f5 28. Re3 Qf6 29. Rfe1 $40) (17... Nxd4 18. Qxd4 b6 19. Rbd1 Be6 $1 20.
Qxd6 (20. Bxe5 dxe5 21. Qxe5 Rad8 $15) 20... Qxd6 21. Rxd6 Bxc4 $10 (21... Nxc4
$2 22. Rxe6 fxe6 23. Bxc4 $18)) 1/2-1/2

[Event "Berlin East AdW 6th"]
[Site "Berlin East"]
[Date "1989.11.26"]
[Round "6"]
[White "Tischbierek, Raj"]
[Black "Kalinitschew, Sergey"]
[Result "0-1"]
[WhiteElo "2445"]
[BlackElo "2455"]
[Annotator "Syre,C"]
[PlyCount "56"]
[EventDate "1989.11.21"]
[EventType "tourn"]
[EventRounds "9"]
[EventCountry "DDR"]
[EventCategory "4"]
[SourceTitle "EXT 2008"]
[Source "ChessBase"]
[SourceDate "2007.11.25"]
[SourceVersion "1"]
[SourceVersionDate "2007.11.25"]
[SourceQuality "1"]

1. e4 c5 2. Nf3 Nc6 3. d4 cxd4 4. Nxd4 Nf6 5. Nc3 e5 6. Ndb5 d6 7. Nd5 Nxd5 8.
exd5 Nb8 $1 {Durch den Springertausch entstanden in dieser Tscheljabinsker
Variante Bauernmehrheiten am weißen Damenflügel bzw. am schwarzen Königsflügel.
Für Sizilianisch ist diese Stellun g untypisch.} (8... Ne7 {gilt als schwächer,
da der Springer auf f5 den f-Bauern behindert und auf g6 zu passiv steht.}) 9.
c4 Be7 10. Be2 O-O 11. O-O a6 12. Nc3 Nd7 (12... f5 13. f4 Bf6 14. Qc2 Nd7 15.
Kh1 (15. Qxf5 $2 exf4 16. Qe6+ Rf7 17. Qxd6 Be5 18. Qa3 Qh4 19. Bf3 Bd4+ 20.
Kh1 Rf6 21. h3 Ne5 {mit schwarzem Übergewicht}) 15... g6 16. g3 {in Tal,
M-Tseshkovsky,V/Riga 1979, und gleichen Aussichten.}) 13. a3 ({Mit} 13. Qc2 f5
14. f4 exf4 15. Bxf4 Ne5 16. Kh1 Bf6 17. a4 Ng6 {waren, wie in Geller,
E-Yurtaev,L/UdSSR 1979, gleiche Chancen vorhanden.}) 13... f5 14. b4 $2 Bf6 15.
Bb2 e4 16. Qb3 {Stellt die stärkste Figur ins Abseits.} ({Vielleicht} 16. Qd2)
16... Be5 17. f4 exf3 18. Bxf3 Qb6+ $1 19. Kh1 Qe3 {Nun zeigt sich die
unglückliche Position von Db3 und Lb2.} 20. g3 Qh6 21. Ne2 Bxb2 22. Qxb2 Ne5
23. Qd4 Bd7 24. Nc3 $2 {Erneut wird eine Figur vom Brennpunkt des Geschehens
abgezogen. Die weiße Stellung bricht nun überraschend schnell zusammen.} f4 $1
25. g4 Qh3 26. Bg2 Qxg4 27. Be4 f3 28. Rg1 Qh4 {und Weiß gab diese strategisch
verkorkste Partie auf.} 0-1

[Event "Qatar Masters op"]
[Site "Doha"]
[Date "2014.12.03"]
[Round "8"]
[White "Das, Sayantan"]
[Black "Fedorchuk, Sergey A"]
[Result "0-1"]
[WhiteElo "2444"]
[BlackElo "2664"]
[Annotator "Szabo,Kr"]
[PlyCount "72"]
[EventDate "2014.11.26"]
[EventType "swiss"]
[EventRounds "9"]
[EventCountry "QAT"]
[SourceTitle "EXT 2016"]
[Source "ChessBase"]
[SourceDate "2015.10.08"]
[SourceVersion "1"]
[SourceVersionDate "2015.10.08"]
[SourceQuality "1"]

1. e4 c5 2. Nf3 Nc6 3. d4 cxd4 4. Nxd4 Qb6 5. Nb3 Nf6 6. Nc3 e6 7. Qe2 d6 (7...
Bb4 {is more popular.}) 8. Be3 Qc7 9. O-O-O a6 10. g4 b5 11. g5 Nd7 12. f4 Nb6
{Black plays on the queenside quickly and he is waiting with the castle
kingside.} ({In case of} 12... Be7 13. h4 Nb6 14. Qf2 Rb8 15. Kb1 Na4 16. Ne2
$1 Bb7 17. Ng3 Rc8 18. h5 Na5 19. Bd4 $40 {with a strong attack for White, C.
Balogh-Zhang Pengxiang, Moscow 2006.}) 13. h4 $146 {The first novelty in the
game.} (13. Qf2 Rb8 14. Kb1 Na4 15. Ne2 $1 {The typical reaction.} Be7 (15...
e5 $6 16. f5 Na5 {(Vuckovic-Chirila, Plovdiv 2008)} 17. Nxa5 Qxa5 18. Bg2 $16 {
and White is better.}) 16. h4 {is transposing to 12...Be7.}) 13... Nc4 (13...
Be7 {is transposing to 12...Be7 line.}) 14. Bf2 Bd7 {This is a strange setup,
because the B usually go to b7, but I think he would like to protect the e6 P.}
({In the event of} 14... Bb7 15. Kb1 Rc8 16. Rh3 {and White's chances are
better.}) 15. h5 {White continues his attacking plan, he wants to play for g6,
but first he has to protect the h1 R.} Rc8 16. Bg2 {Usually this is not the
best place for the B, but White prepares for g6.} (16. Kb1 $5 {is the most
natural reply.}) 16... Nb4 {Black tries to attack on the queenside. Now he is
threatening with Nxb2.} 17. Rh3 {Of course, White had to protect the c3 N.} a5
$6 {Too aggressive. Black wants to attack very quickly, but this is not
dangerous for White and he weakened in his position.} (17... Be7 {was more
logical} 18. a3 ({or} 18. Kb1 e5 19. f5 Bxg5 20. a3 $44) 18... Nc6 19. Kb1 $36
{, but White's position is more promising.}) 18. Kb1 Qb8 $6 ({In case of Black
continues his play with} 18... a4 19. Nd4 e5 (19... a3 20. b3 $18) (19... Qb7
20. g6 $16) 20. fxe5 dxe5 21. Nf5 $16 {and White has a strong attack.}) 19. g6
$1 {White crushes Black's kingside.} Nxc2 {Black tries to create some
counterplay, but his position is losing here too.} 20. gxf7+ Kxf7 21. Qxc2 b4
22. Ka1 ({Probably} 22. e5 $1 {was more stronger} bxc3 23. Rxc3 d5 24. f5 $18 {
and White is winning.}) 22... Be7 (22... bxc3 23. Rxc3 $18) 23. e5 bxc3 24.
Rxc3 d5 25. Rxd5 $5 {A brilliant sacrifice by Das!} (25. f5 $18 {was also win.}
) 25... exd5 26. Bxd5+ Kf8 (26... Be6 $2 {was not working, because of} 27. Qf5+
$18) 27. e6 ({The simple} 27. Bxc4 $18 {was also easy win.}) 27... Be8 28. Qf5+
Kg8 29. Bxc4 (29. Bd4 $3 $18 {was the brilliant engine move.}) 29... a4 30. Bc5
(30. Nc5 $18) 30... g6 31. Rg3 $4 {A decisive blunder for White.} (31. Qd5 $1 {
was a difficult computer line} axb3 32. Bxe7 Qa7 33. Bxb3 Rxc3 34. bxc3 Qxe7 {
Now Black looks completely fine, but...} 35. h6 $1 {and Black simply can't
play,} Kf8 36. Qe5 Rg8 37. Kb2 $18 {and White is winning.}) 31... Rxc5 $1 32.
Nxc5 Qb4 $1 {Fedorchuk immediately find his chance. Suddenly Black has the
winning position.} 33. Nd3 Qxc4 34. a3 Qd4 35. Ne5 Qd1+ 36. Ka2 Qb3+ $1 {
and White resigned.} (36... Qb3+ 37. Rxb3 axb3+ 38. Kxb3 gxf5 $19) 0-1